Traffic Europe : (Registro nro. 3638)

Detalles MARC
000 -CABECERA
Campo de control 00710nam a2200229 a 4500
005 - FECHA Y HORA DE LA ULTIMA TRANSACCION
Campo de control 20160123102313.0
008 - ELEMENTOS DE LONGITUD FIJA—INFORMACION GENERAL
Campo de control 140312t1993 ne fr|||| 00| 0 eng d
040 ## - FUENTE DE CATALOGACIÓN
Agencia catalogadora original CO-BoIAVH
Agencia transcriptora CO-BoIAVH
041 0# - IDIOMA
Código de idioma para texto/pista de sonido o título separado Inglés
082 04 - NUMERO DE CLASIFICACION DECIMAL DEWEY
Número de clasificación 343.0853
Número del ítem K92t
100 1# - ASIENTO PRINCIPAL--NOMBRE PERSONAL
Nombre personal Kreveld, Anold van
9 (RLIN) 20535
245 10 - MENCION DE TITULO
Título Traffic Europe :
Parte restante del título CITES, Aruba and the Netherlands Antilles /
Mención de responsabilidad WWF
260 ## - PUBLICACION, DISTRIBUCION, ETC. (PIE DE IMPRENTA)
Lugar de publicación, distribución, etc. Aruba :
Nombre del editor, distribuidor, etc. WWF,
Fecha de publicación, distribución, etc. 1993.
300 ## - DESCRIPCION FISICA
Extensión 25 páginas ;
Dimensiones 30 x 21 cm.
650 #6 - ASIENTO SECUNDARIO DE MATERIA - TERMINO TEMATICO
Término temático o nombre geográfico como elemento de entrada Comercio de especies
9 (RLIN) 4307
650 #6 - ASIENTO SECUNDARIO DE MATERIA - TERMINO TEMATICO
Término temático o nombre geográfico como elemento de entrada Países Bajos
9 (RLIN) 19393
650 #6 - ASIENTO SECUNDARIO DE MATERIA - TERMINO TEMATICO
Término temático o nombre geográfico como elemento de entrada Políticas de comercio
9 (RLIN) 18327
650 #6 - ASIENTO SECUNDARIO DE MATERIA - TERMINO TEMATICO
Término temático o nombre geográfico como elemento de entrada Comercio ilegal de especies
9 (RLIN) 4724
700 1# - ASIENTO SECUNDARIO - NOMBRE PERSONAL
Nombre personal Jaeger, Ludwijn
9 (RLIN) 20536
700 1# - ASIENTO SECUNDARIO - NOMBRE PERSONAL
Nombre personal Boer, bart de
9 (RLIN) 20537
942 ## - ELEMENTOS ADICIONALES (KOHA)
Tipo de ítem Libro
Sistema de clasificación Dewey Decimal Classification
Existencias
Withdrawn status Lost status Sistema de Clasificación Damaged status No para préstamo Colección Inventariado Ubicación Permanente Ubicación actual Fecha de adquisición Fuente de Valor Valor Total Checkouts Número topográfico Inventario / Código de Barras Date last seen Ejemplar Price effective from Forma de adquisición Tipo de material
    Dewey Decimal Classification     General Inventariado 2017 Bogotá Bogotá 02/02/2004 Instituto 39000.00   LB-343.0853 K92t 015381 04/12/2012 Ej. 1 04/12/2012   Libro